000 00852cam a22002771 4500
001 8296073
003 ARRUPE
005 20160126112854.0
008 720824s1935 nyuacf b 000 0aeng
010 _a 35004707
035 _a(OCoLC)390201
040 _aDLC
_cODaWU
_dOCoLC
_dDLC
042 _apremarc
050 0 0 _aCT275.H3585
_bA3
082 _a926.2
100 1 _aHammond, John Hays,
_d1855-1936.
_921792
245 1 4 _aThe autobiography of John Hays Hammond;
_cillustrated with photographs.
260 _aNew York,
_bFarrar & Rinehart, incorporated
_c[c1935]
300 _a2 v.
_bfronts., plates, ports.
_c24 cm.
500 _aPaged continuously.
500 _aIssued in case.
504 _aBibliography: p. 779-782.
600 _aHammond, John Hans
_921793
906 _a7
_bcbc
_coclcrpl
_du
_encip
_f19
_gy-gencatlg
942 _2lcc
_cSPC
999 _c124035
_d124035